| 000 | 00584nam a22001937a 4500 | ||
|---|---|---|---|
| 999 |
_c197100 _d197100 |
||
| 005 | 20230814145726.0 | ||
| 010 | _aB-755568 | ||
| 020 |
_a9788131908730 _c75.00 |
||
| 035 | _aB-755568 | ||
| 037 | _bJain Publishers (P) Ltd. | ||
| 082 | _aS | ||
| 100 | _aBarnett,Stephen | ||
| 245 |
_aClean and Tidy / _cby Stephen Barnett |
||
| 260 |
_aNoida, U.P. _bJain Publishers (P) Ltd. _c202? |
||
| 270 |
_aD-157, Sector 63, Noida _bU.P. _e201307 |
||
| 300 |
_a32p. _bcol.ill _c21cm(pbk) |
||
| 942 |
_2ddc _cCH _mBAR _hS |
||